000
00364nam a2200133Ia 4500
008
100328s9999 xx 000 0 und d
082
_b
20149
100
_a
सोनार वा.रा.
245
_a
पाणीच पाणी
260
_b
ाारा
630
_a
पाणीच पाणी
730
_a
पाणीच पाणी
942
_c
BOOK
999
_c
514345
_d
514342